| 000 | 00828nam a2200289 a 4500 | ||
|---|---|---|---|
| 003 | AR-BaBNM | ||
| 005 | 20251128203350.0 | ||
| 008 | 082120s2002 ||||||||||||||000 | spa|| | ||
| 040 | _cAR-BaBNM | ||
| 100 | 1 | _aFeito, Francisco E. | |
| 245 | 0 | 0 | _aEl Paraguay en la obra de Gabriel Casaccia |
| 260 |
_aBuenos Aires _bFernando GarcĂa Cambeiro _c1977 |
||
| 300 | _a185 p. | ||
| 490 | 0 |
_aEstudios latinoamericanos _vv. 23 |
|
| 500 | _aContiene referencias bibliográficas en p. 178 | ||
| 650 | 4 | _aLITERATURA LATINOAMERICANA | |
| 650 | 4 | _aCRITICA LITERARIA | |
| 650 | 4 | _aESCRITORES | |
| 650 | 4 | _aANALISIS LITERARIO | |
| 650 | 4 | _aLITERATURA CONTEMPORANEA | |
| 653 | _aLITERATURA PARAGUAYA | ||
| 653 | _aNARRATIVA | ||
| 655 | _aLITERATURA | ||
| 800 | 1 |
_aMaturo, Graciela _edirector |
|
| 942 | _cBK | ||
| 998 | _cMARTIN | ||
| 999 |
_c3052 _d3052 |
||